Joueurs passés par Crystal Palace - Mort subite - Statistiques

Statistiques générales
  • Ce quiz a été pris 86 fois
  • Le résultat moyen est 11 sur 20
Answers on the Grid
Answers color-coded by a green-red scale on the quiz's grid according to % correct below.
Jean-Philippe Mateta
Michael Olise
Wilfried Zaha
Marc Guéhi
Maxence Lacroix
Adam Wharton
Nathaniel Clyne
Conor Gallagher
Ben Chilwell
Eberechi Eze
Alexander Sørloth
Aaron Wan-Bissaka
Mamadou Sakho
Loïc Rémy
Emmanuel Adebayor
José Fonte
Christian Benteke
Michy Batshuayi
Steve Mandanda
Ismaïla Sarr
Samir Nasri
Harry Maguire
Harry Kane
Flavius Daniliuc
Jack Grealish
John McGinn
Ivan Rakitić
Stéphane Moulin
Daniel Congré
Ciro Immobile
N'Golo Kanté
Gary Lineker
Tijjani Reijnders
Djibril Sidibé
Hakan Çalhanoğlu
Andrés Iniesta
 
Statistiques - réponses
Réponse % Correct
Jean-Philippe Mateta
85%
Michael Olise
85%
Wilfried Zaha
82%
Eberechi Eze
79%
Marc Guéhi
72%
Christian Benteke
69%
Ismaïla Sarr
68%
Maxence Lacroix
68%
Nathaniel Clyne
67%
Mamadou Sakho
65%
Aaron Wan-Bissaka
64%
Adam Wharton
57%
Michy Batshuayi
57%
Steve Mandanda
56%
Loïc Rémy
50%
Conor Gallagher
47%
Ben Chilwell
35%
Emmanuel Adebayor
14%
José Fonte
14%
Alexander Sørloth
6%
Aucun quiz correspondant
Distribution des résultats
% des personnes avec chaque résultat
Percentile par nombre de réponses
Votre historique - résultats
Vous n’avez pas pris ce quiz